000 00494nam a2200157Ia 4500
003 IQ-KOUCL
041 _aArabic
082 _a956,311 cut-89 ع
100 _a20260118u\\\\\\\\\\\y0engy0103\\\\ba
100 _aد.صالح الحمد العلي
245 0 _aبغداد مدينة السلام تطويرها الجانب الغربي الجزء الثاني
250 _aط1
260 _bدار الكتب العلمية
_aبغداد -العراق
_c2013
300 _a288
942 _cBk
999 _c186501
_d186501